Erste Saison in der Bundesliga - Statistiken

Allgemein
  • Dieses Quiz wurde 62 mal gespielt
  • Das Durchschnittsergebnis liegt bei 32 aus 58
Antwortstatistiken
Jahr Verein % Korrekt
Gründungsmitglied 1. FC Köln
87%
2023 1. FC Heidenheim
72%
2024 KSV Holstein Kiel
70%
2019 1. FC Union Berlin
69%
1991 (2. Platz, DDR-Oberliga) Dynamo Dresden
67%
Gründungsmitglied Hamburger SV
67%
1991 (1. Platz, DDR-Oberliga) Hansa Rostock
67%
Gründungsmitglied Borussia Dortmund
65%
Gründungsmitglied Eintracht Frankfurt
65%
1965 (Gruppe 2) FC Bayern München
65%
Gründungsmitglied Meidericher SV
65%
2016 Rasenballsport Leipzig
65%
Gründungsmitglied 1. FC Nürnberg
63%
2011 FC Augsburg
63%
Gründungsmitglied Eintracht Braunschweig
61%
Gründungsmitglied FC Schalke 04
61%
Gründungsmitglied Preußen Münster
61%
2014 SC Paderborn 07
61%
2012 SpVgg Greuther Fürth
61%
1965 (Berlin-Vertreter) Tasmania Berlin
61%
Gründungsmitglied TSV 1860 München
61%
1997 VfL Wolfsburg
61%
Gründungsmitglied Werder Bremen
61%
Gründungsmitglied 1. FC Kaiserslautern
59%
2004 1. FSV Mainz 05
59%
2000 FC Energie Cottbus
59%
2008 TSG 1899 Hoffenheim
59%
Gründungsmitglied Hertha BSC Berlin
57%
Gründungsmitglied 1. FC Saarbrücken
56%
1999 (2. Platz, 2. BL) SpVgg Unterhaching
56%
Gründungsmitglied VfB Stuttgart
56%
1979 Bayer 04 Leverkusen
54%
1964 (Gruppe 2) Hannover 96
54%
2015 FC Ingolstadt 04
52%
1993 (1. Platz, 2. BL) SC Freiburg
52%
1999 (3. Platz, 2. BL) SSV Ulm 1846
50%
1993 (3. Platz, 2. BL) VfB Leipzig
50%
1966 (Gruppe 1) Fortuna Düsseldorf
48%
Gründungsmitglied Karlsruher SC
48%
1966 (Gruppe 2) Rot-Weiß Essen
48%
1983 SV Waldhof Mannheim
48%
1970 Arminia Bielefeld
46%
1965 (Gruppe 1) Borussia Mönchengladbach
46%
1969 Rot-Weiß Oberhausen
46%
1971 VfL Bochum
46%
1967 Alemannia Aachen
44%
1968 Kickers Offenbach
44%
1964 (Gruppe 1) Borussia Neunkirchen
43%
1978 SV Darmstadt 98
43%
1986 (2. Platz, 2. BL) Blau-Weiß 90 Berlin
41%
1986 (1. Platz; 2. BL) FC 08 Homburg
41%
1977 FC St. Pauli
41%
1990 SG Wattenscheid 09
41%
1975 Bayer 05 Uerdingen
39%
1988 Stuttgarter Kickers
39%
1972 Wuppertaler SV
39%
1973 SC Fortuna Köln
37%
1974 Tennis Borussia Berlin
37%
Keine übereinstimmenden Quizze gefunden
Verteilung der Resultate
Anzahl Personen mit jedem Resultat
Perzentil nach korrekt beantworteten Fragen
Ihre Resultats-Entwicklung
Sie haben dieses Quiz noch nicht gespielt